Die schweizerische nahrungsmittelindustrie : Struktur und entwicklungstendenzen

Đã lưu trong:
Bibliografiske detaljer
Hovedforfatter: Wyler, Dr. Georg
Format: Bog
Sprog:Undetermined
Udgivet: Switzerland Schweizerischen Bankgesellschaft 1980
Fag:
Tags: Tilføj Tag
Ingen Tags, Vær først til at tagge denne postø!
Thư viện lưu trữ: Trung tâm Học liệu Trường Đại học Cần Thơ
LEADER 00563nam a2200193Ia 4500
001 CTU_77437
008 210402s9999 xx 000 0 und d
082 |a 338 
082 |b W983 
100 |a Wyler, Dr. Georg 
245 0 |a Die schweizerische nahrungsmittelindustrie : 
245 0 |b Struktur und entwicklungstendenzen 
245 0 |c Dr. Georg Wyler 
260 |a Switzerland 
260 |b Schweizerischen Bankgesellschaft 
260 |c 1980 
650 |a Food engineering 
904 |i Trọng Hải 
980 |a Trung tâm Học liệu Trường Đại học Cần Thơ